Phân tích hành vi tiêu dùng trái cây của người dân tại tỉnh Vĩnh Long : Luận văn Thạc sĩ Kinh tế. Chuyên ngành Quản trị kinh doanh
Phân tích thực trạng kinh doanh và tiêu dùng các loại trái cây trong và ngoài nước, các yếu tố ảnh hưởng đến hành vi tiêu dùng trái cây của người dân Vĩnh Long.
Sparad:
| Huvudupphovsman: | |
|---|---|
| Materialtyp: | Bok |
| Språk: | Undetermined |
| Publicerad: |
Cần Thơ
Trường Đại học Cần Thơ
2017
|
| Ämnen: | |
| Taggar: |
Lägg till en tagg
Inga taggar, Lägg till första taggen!
|
| Thư viện lưu trữ: | Trung tâm Học liệu Trường Đại học Cần Thơ |
|---|
| LEADER | 01033nam a2200205Ia 4500 | ||
|---|---|---|---|
| 001 | CTU_224188 | ||
| 008 | 210402s9999 xx 000 0 und d | ||
| 082 | |a 658.8342 | ||
| 082 | |b Nh513 | ||
| 088 | |a 60340102 | ||
| 100 | |a Nguyễn, Thùy Nhung | ||
| 245 | 0 | |a Phân tích hành vi tiêu dùng trái cây của người dân tại tỉnh Vĩnh Long : | |
| 245 | 0 | |b Luận văn Thạc sĩ Kinh tế. Chuyên ngành Quản trị kinh doanh | |
| 245 | 0 | |c Nguyễn Thùy Nhung ; Lê Tấn Nghiêm (Cán bộ hướng dẫn) | |
| 260 | |a Cần Thơ | ||
| 260 | |b Trường Đại học Cần Thơ | ||
| 260 | |c 2017 | ||
| 520 | |a Phân tích thực trạng kinh doanh và tiêu dùng các loại trái cây trong và ngoài nước, các yếu tố ảnh hưởng đến hành vi tiêu dùng trái cây của người dân Vĩnh Long. | ||
| 650 | |a Hành vi tiêu dùng,Consumer behavior | ||
| 980 | |a Trung tâm Học liệu Trường Đại học Cần Thơ | ||